000
00321 a2200157 4500
001
194452
020
_a
85-16-02178-5
040
_c
Magnum
100
_a
Alencar, Chico
240
1
0
_a
Jonas
_l
por
245
1
0
_a
Jonas
300
_a
31
362
0
_a
1998
697
_a
LÍNGUA - LINGÜÍSTICA - LITERATURA
942
_c
BK
999
_c
194452
_d
194452